Statistics for Human - Christina Perri - All Lyrics

Click here to take the quiz!

General Stats

  • This quiz has been taken 31 times
  • The average score is 199 of 248

Answer Stats

Answer% Correct
I
100%
a
96%
when
96%
and
93%
And
93%
do
93%
down
93%
my
93%
you
93%
You
93%
fall
89%
human
89%
I’m
89%
I'm
89%
on
89%
only
89%
'Cause
85%
‘Cause
85%
heart
85%
in
85%
the
85%
up
85%
bleed
81%
break
81%
But
81%
can
81%
head,
81%
it
81%
me
81%
then
81%
breath
78%
apart
74%
Be
74%
for
74%
hold
74%
Your
74%
your
74%
if
70%
what
70%
bite
67%
crash
67%
get
67%
words
67%
build
63%
knives
63%
that's
63%
through
63%
tongue
63%
want
63%
I’ll
59%
all
56%
am
56%
of
56%
one
56%
Give
52%
number
52%
so
52%
ask
48%
everything
48%
force
48%
good
48%
I've
48%
Just
48%
machine
48%
stay
48%
awake
44%
dance
44%
days
44%
laugh
44%
need
44%
play
44%
smile
44%
take
44%
turn
44%
fake
41%
part
41%
had
37%
little
37%
much
37%
weight
37%
enough
33%
worlds
33%
‘til
30%

Score Distribution

Percentile by Number Answered

Percent of People with Each Score

Your Score History

You have not taken this quiz